000 00390 a2200145 4500
040 _aDLC
_bDLC
082 _a823.912
100 _aChristie, Agatha.
245 _aThe Pale Horse.
_cChristie, Agatha
260 _aLondon:
_bHarper Collins Publishers,
_c2002.
300 _a332 p. ;
_b19 cm.
500 _aIncludes Index
650 _aDetective and mystery stories
942 _cBK
_k823.912 CHR
_2ddc
999 _c5000
_d5000